000 01115cam a22003377a 4500
003 CHAP
005 20220329135221.0
008 971013s1973 r 00010 d
010 _a32798
011 _a33770
035 _a37886
040 _cCHAP
082 _a154.44
_bN6Y
100 0 0 _aNorman, Donald A.
_981756
245 1 3 _aEl procesamiento de la información en el hombre; memoria y atención
260 _aBuenos Aires :
_bPaidos,
_c1973
300 _a239 p.
490 0 _aBiblioteca de psicología y sociología aplicadas
_v; 6
590 _aBATCH-UPD
_b10
_c20130110
_lUCH01
_h0122
590 _aBATCH-UPD
_b10
_c20130110
_lUCH01
_h1158
590 _aBATCH-UPD
_b10
_c20130410
_lUCH01
_h0741
590 _aBATCH-UPD
_b10
_c20130914
_lUCH01
_h0513
590 _aCONVERSION
_b10
_c20130109
_lUCH01
_h1318
650 1 4 _aAprendizaje
_xPsicologia del.
_96372
650 1 4 _aAtención.
_98217
650 1 4 _aMemoria.
_974509
830 0 _aBiblioteca de psicología y sociología aplicadas
_v; 6
_912345
901 _aBK
942 _cLIBRO
949 _a154.44 N6Y
_bBC
_cLIBRO
_d33724000286571
_eLIBRO
_h35551
_i37886
_si
999 _c32798
_d32798